000 00766nam a22002417a 4500
008 131112b xxu||||| |||| 00| 0 eng d
020 _a81-203-1474-3
024 _cAvailable
037 _cAvailable
040 _aMBSTU LIBRARY
_dMBSTU LIBRARY
082 _222
_a620.85 SIE
100 _aSincero, Arcadio P.
245 _aEnvironmental engineering : a design approach.
260 _aNew Delhi
_bPrentice Hall.
_c1999
300 _a24 cm.
_b795 page
_f1
_g24 cm.
600 _2Environmental health engineering.
650 _2Environmental health engineering.
700 _aSincero, Arcadio P.
270 _aNew Delhi
_bNew Delhi
_dIndia
365 _b474.00
_d474.00
942 _2ddc
_cBK
999 _c823
_d823